El arte cristiano de vender

Uloženo v:
Podrobná bibliografie
Korporativní autor: Asociación General de los Adventistas del Séptimo Día
Médium: Kniha
Jazyk:španělština
Vydáno: Buenos Aires División Sudamericana [195?]
Témata:
Tagy: Přidat tag
Žádné tagy, Buďte první, kdo vytvoří štítek k tomuto záznamu!

MARC

LEADER 00000nam a22000005a 4500
003 CL-ChBUA
005 20120815091602.0
008 081204s195| ag ||||| |||| 000 ||spa
040 |a CL-ChBUA  |c CL-ChBUA 
082 0 0 |a 253.74 
090 |c 25428  |d 25428 
110 2 |a Asociación General de los Adventistas del Séptimo Día 
245 1 0 |a El arte cristiano de vender 
260 |a Buenos Aires  |b División Sudamericana  |c [195?] 
300 |a 71 p.  |c 22 cm. 
650 4 |a COLPORTAJE 
942 |c LIB 
952 |0 0  |1 0  |4 0  |7 0  |9 59971  |a UNACH  |b UNACH  |c 200  |d 2008-12-04  |i 1.122  |l 3  |o 253.74 / As 837  |p 61106  |r 2018-11-28 00:00:00  |s 2018-07-18  |u 59971  |w 2012-08-08  |y LIB  |k 253.74 / As 837 
999 |c 25428  |d 25428